00381pab a2200121 454500008004000000100002300040245011300063260000900176300001600185362000800201650001600209773003400225180718b2010 xxu||||| |||| 00| 0 eng d aLowell, B. Lindsay aA long view of America's immigration policy and the supply of foreign-born STEM workers in the United States c2010 ap.1029-044. aMar aImmigration aAmerican Behavioral Scientist